<?xml version="1.0" encoding="UTF-8"?>
<record
    xmlns:xsi="http://www.w3.org/2001/XMLSchema-instance"
    xsi:schemaLocation="http://www.loc.gov/MARC21/slim http://www.loc.gov/standards/marcxml/schema/MARC21slim.xsd"
    xmlns="http://www.loc.gov/MARC21/slim">

  <leader>00898nam a22001577a 4500</leader>
  <controlfield tag="003">OSt</controlfield>
  <controlfield tag="005">20151116144006.0</controlfield>
  <controlfield tag="008">151116b        xxu||||| |||| 00| 0 eng d</controlfield>
  <datafield tag="040" ind1=" " ind2=" ">
    <subfield code="c">RUA </subfield>
  </datafield>
  <datafield tag="082" ind1=" " ind2=" ">
    <subfield code="a">FOR CHH 2012 B141 Or.1</subfield>
  </datafield>
  <datafield tag="100" ind1=" " ind2=" ">
    <subfield code="9">3724</subfield>
    <subfield code="a">CHHIN NA VIN</subfield>
  </datafield>
  <datafield tag="245" ind1=" " ind2=" ">
    <subfield code="a">Study on traditional medicine plants utilization in prek thnot community protect area at prek thont commune, teuk chhou district, kampot province, &#x1780;&#x17B6;&#x179A;&#x179F;&#x17B7;&#x1780;&#x17D2;&#x179F;&#x17B6;&#x17A2;&#x17C6;&#x1796;&#x17B8;&#x1780;&#x17B6;&#x179A;&#x1794;&#x17D2;&#x179A;&#x17BE;&#x1794;&#x17D2;&#x179A;&#x17B6;&#x179F;&#x17CB;&#x179A;&#x17BB;&#x1780;&#x17D2;&#x1781;&#x1787;&#x17B6;&#x178F;&#x17B7;&#x17B1;&#x179F;&#x1790;&#x178F;&#x17B6;&#x1798;&#x1794;&#x17C2;&#x1794;&#x1794;&#x17D2;&#x179A;&#x1796;&#x17C3;&#x178E;&#x17B8; &#x1793;&#x17C5;&#x1780;&#x17D2;&#x1793;&#x17BB;&#x1784;&#x179F;&#x17A0;&#x1782;&#x1798;&#x1793;&#x17CD;&#x1780;&#x17B6;&#x179A;&#x1796;&#x17B6;&#x179A;&#x1792;&#x1793;&#x1792;&#x17B6;&#x1793;&#x1792;&#x1798;&#x17D2;&#x1798;&#x1787;&#x17B6;&#x178F;&#x17B7;&#x1796;&#x17D2;&#x179A;&#x17C2;&#x1780;&#x178F;&#x17D2;&#x1793;&#x17C4;&#x178F; &#x1793;&#x17C5;&#x1783;&#x17BB;&#x17C6;&#x1796;&#x17D2;&#x179A;&#x17C2;&#x1780;&#x178F;&#x17D2;&#x1793;&#x17C4;&#x178F; &#x179F;&#x17D2;&#x179A;&#x17BB;&#x1780;&#x1791;&#x17B9;&#x1780;&#x1788;&#x17BC; &#x1781;&#x17C1;&#x178F;&#x17D2;&#x178F;&#x1780;&#x17C6;&#x1796;&#x178F;.</subfield>
  </datafield>
  <datafield tag="260" ind1=" " ind2=" ">
    <subfield code="a">Phnom Penh </subfield>
    <subfield code="b">RUA </subfield>
    <subfield code="c">2012</subfield>
  </datafield>
  <datafield tag="300" ind1=" " ind2=" ">
    <subfield code="a">x; 44p.</subfield>
    <subfield code="b">ill.</subfield>
    <subfield code="c">29cm.</subfield>
  </datafield>
  <datafield tag="942" ind1=" " ind2=" ">
    <subfield code="2">ddc</subfield>
    <subfield code="c">FOR</subfield>
  </datafield>
  <datafield tag="999" ind1=" " ind2=" ">
    <subfield code="c">3465</subfield>
    <subfield code="d">3465</subfield>
  </datafield>
  <datafield tag="952" ind1=" " ind2=" ">
    <subfield code="0">0</subfield>
    <subfield code="1">0</subfield>
    <subfield code="2">ddc</subfield>
    <subfield code="4">0</subfield>
    <subfield code="6">FOR_CHH_2012_000000000000000_B141_OR_1</subfield>
    <subfield code="7">0</subfield>
    <subfield code="9">16629</subfield>
    <subfield code="a">LBB</subfield>
    <subfield code="b">LBB</subfield>
    <subfield code="c">B141</subfield>
    <subfield code="d">2015-11-16</subfield>
    <subfield code="o">FOR CHH 2012 B141 Or.1</subfield>
    <subfield code="p">RUA026683</subfield>
    <subfield code="r">2015-11-16</subfield>
    <subfield code="w">2015-11-16</subfield>
    <subfield code="y">FOR</subfield>
  </datafield>
  <datafield tag="952" ind1=" " ind2=" ">
    <subfield code="0">0</subfield>
    <subfield code="1">0</subfield>
    <subfield code="2">ddc</subfield>
    <subfield code="4">0</subfield>
    <subfield code="6">FOR_CHH_2012_000000000000000_B141_OR_2</subfield>
    <subfield code="7">0</subfield>
    <subfield code="9">16630</subfield>
    <subfield code="a">LBB</subfield>
    <subfield code="b">LBB</subfield>
    <subfield code="c">B141</subfield>
    <subfield code="d">2015-11-16</subfield>
    <subfield code="o">FOR CHH 2012 B141 Or.2</subfield>
    <subfield code="p">RUA026611</subfield>
    <subfield code="r">2015-11-16</subfield>
    <subfield code="w">2015-11-16</subfield>
    <subfield code="y">FOR</subfield>
  </datafield>
  <datafield tag="952" ind1=" " ind2=" ">
    <subfield code="0">0</subfield>
    <subfield code="1">0</subfield>
    <subfield code="2">ddc</subfield>
    <subfield code="4">0</subfield>
    <subfield code="6">FOR_CHH_2012_000000000000000_B141_OR_3</subfield>
    <subfield code="7">0</subfield>
    <subfield code="9">16631</subfield>
    <subfield code="a">LBB</subfield>
    <subfield code="b">LBB</subfield>
    <subfield code="c">B141</subfield>
    <subfield code="d">2015-11-16</subfield>
    <subfield code="o">FOR CHH 2012 B141 Or.3</subfield>
    <subfield code="p">RUA026617</subfield>
    <subfield code="r">2015-11-16</subfield>
    <subfield code="w">2015-11-16</subfield>
    <subfield code="y">FOR</subfield>
  </datafield>
  <datafield tag="952" ind1=" " ind2=" ">
    <subfield code="0">0</subfield>
    <subfield code="1">0</subfield>
    <subfield code="2">ddc</subfield>
    <subfield code="4">0</subfield>
    <subfield code="6">FOR_CHH_2012_000000000000000_B141_OR_4</subfield>
    <subfield code="7">0</subfield>
    <subfield code="9">16632</subfield>
    <subfield code="a">LBB</subfield>
    <subfield code="b">LBB</subfield>
    <subfield code="c">B141</subfield>
    <subfield code="d">2015-11-16</subfield>
    <subfield code="o">FOR CHH 2012 B141 Or.4</subfield>
    <subfield code="p">RUA026545</subfield>
    <subfield code="r">2015-11-16</subfield>
    <subfield code="w">2015-11-16</subfield>
    <subfield code="y">FOR</subfield>
  </datafield>
  <datafield tag="952" ind1=" " ind2=" ">
    <subfield code="0">0</subfield>
    <subfield code="1">0</subfield>
    <subfield code="2">ddc</subfield>
    <subfield code="4">0</subfield>
    <subfield code="6">FOR_CHH_2012_000000000000000_B141_OR_5</subfield>
    <subfield code="7">0</subfield>
    <subfield code="9">16633</subfield>
    <subfield code="a">LBB</subfield>
    <subfield code="b">LBB</subfield>
    <subfield code="c">B141</subfield>
    <subfield code="d">2015-11-16</subfield>
    <subfield code="o">FOR CHH 2012 B141 Or.5</subfield>
    <subfield code="p">RUA017045</subfield>
    <subfield code="r">2015-11-16</subfield>
    <subfield code="w">2015-11-16</subfield>
    <subfield code="y">FOR</subfield>
  </datafield>
  <datafield tag="952" ind1=" " ind2=" ">
    <subfield code="0">0</subfield>
    <subfield code="1">0</subfield>
    <subfield code="2">ddc</subfield>
    <subfield code="4">0</subfield>
    <subfield code="6">FOR_CHH_2012_000000000000000_B141_OR_6</subfield>
    <subfield code="7">0</subfield>
    <subfield code="9">16634</subfield>
    <subfield code="a">LBB</subfield>
    <subfield code="b">LBB</subfield>
    <subfield code="c">B141</subfield>
    <subfield code="d">2015-11-16</subfield>
    <subfield code="l">2</subfield>
    <subfield code="m">2</subfield>
    <subfield code="o">FOR CHH 2012 B141 Or.6</subfield>
    <subfield code="p">RUA027398</subfield>
    <subfield code="r">2025-08-07</subfield>
    <subfield code="s">2025-07-15</subfield>
    <subfield code="w">2015-11-16</subfield>
    <subfield code="y">FOR</subfield>
  </datafield>
  <datafield tag="952" ind1=" " ind2=" ">
    <subfield code="0">0</subfield>
    <subfield code="1">0</subfield>
    <subfield code="2">ddc</subfield>
    <subfield code="4">0</subfield>
    <subfield code="6">FOR_CHH_2012_000000000000000_B141_OR_7</subfield>
    <subfield code="7">0</subfield>
    <subfield code="9">16635</subfield>
    <subfield code="a">LBB</subfield>
    <subfield code="b">LBB</subfield>
    <subfield code="c">B141</subfield>
    <subfield code="d">2015-11-16</subfield>
    <subfield code="o">FOR CHH 2012 B141 Or.7</subfield>
    <subfield code="p">RUA027326</subfield>
    <subfield code="r">2015-11-16</subfield>
    <subfield code="w">2015-11-16</subfield>
    <subfield code="y">FOR</subfield>
  </datafield>
</record>
